00488 2200193 4500001002100000005001500021008004100036020002200077035001900099041000700118082001200125090001700137100001900154245002600173250001000199260002600209300003300235650002600268INLIS00000000000398320241224112827241224||||||||| | ||| |||| || |  a978-602-229-156-5 0010-1224003983 aid0 a155..25 a155.25 KIF p0 aKi Fudyartanta00aPsikologi Kepribadian aCet.1 bpustaka pelajarc2012 aviii, 459 hlm.:ilus.: 21 cm. 0aPsikologi Kepribadian